|
|
|
|
| LEADER |
01975nam a22003972i 4500 |
| 001 |
000067506 |
| 003 |
CZ BrMZK |
| 005 |
20190521135116.0 |
| 007 |
ta |
| 008 |
010907s1955 xr e p cze d |
| 040 |
|
|
|a BOA001
|b cze
|c BOA002
|e rda
|
| 072 |
|
7 |
|a 37
|x Výchova a vzdělávání
|2 Konspekt
|9 22
|
| 072 |
|
7 |
|a 37.016
|x Učební osnovy. Vyučovací předměty. Učebnice
|2 Konspekt
|9 22
|
| 080 |
|
|
|a 37.01(091)
|2 MRF
|
| 080 |
|
|
|a (075.8)
|2 MRF
|
| 100 |
1 |
|
|a Chlup, Otokar,
|d 1875-1965
|7 jk01050214
|4 aut
|
| 245 |
1 |
0 |
|a Čítanka k dějinám pedagogiky pro pedagogické, vyšší a vysoké pedagogické školy.
|n Díl 1.,
|p K dějinám pedagogiky do vzniku marxismu /
|c Otokar Chlup a Karel Angelis a kolektiv
|
| 246 |
3 |
0 |
|a K dějinám pedagogiky do vzniku marxismu
|
| 250 |
|
|
|a 1. vyd.
|
| 264 |
|
1 |
|a Praha :
|b Státní pedagogické nakladatelství,
|c 1955
|
| 300 |
|
|
|a 279 stran
|
| 336 |
|
|
|a text
|b txt
|2 rdacontent
|
| 337 |
|
|
|a bez média
|b n
|2 rdamedia
|
| 338 |
|
|
|a svazek
|b nc
|2 rdacarrier
|
| 500 |
|
|
|a Dostupné též v digitální podobě v aplikaci Kramerius
|
| 650 |
0 |
7 |
|a dějiny pedagogiky
|7 ph198686
|2 czenas
|
| 655 |
|
7 |
|a učebnice vysokých škol
|7 fd133772
|2 czenas
|
| 700 |
1 |
|
|a Angelis, Karel,
|d 1913-1982
|7 jk01010311
|4 aut
|
| 856 |
4 |
1 |
|u http://www.digitalniknihovna.cz/mzk/uuid/uuid:bfd1f240-46f4-11e5-8851-005056827e51
|y Digitalizovaný dokument
|x NDK
|
| 910 |
|
|
|a BOA001
|b PK-0012.632,1
|b 2-0355.409,1
|
| 990 |
|
|
|a BK
|
| 996 |
7 |
|
|b 2619200839
|c 2-0355.409,1
|l MZK
|r Sklad / do 24 hodin
|n 2
|w 000067506
|u 000090
|a 1
|e BOA001
|j MZK50
|s A
|
| 996 |
6 |
|
|b 2619866393
|c 2-0355.409,1
|l MZK
|r Sklad / do 24 hodin
|n 5
|w 000067506
|u 000080
|a 1
|e BOA001
|j MZK50
|s P
|
| 996 |
7 |
|
|b 2619937878
|c 2-0355.409,1
|l MZK
|r Sklad / do 24 hodin
|n 2
|w 000067506
|u 000070
|a 1
|e BOA001
|j MZK50
|s A
|
| 996 |
7 |
|
|b 3119925798
|c PK-0012.632,1
|l MZK
|r Sklad / do 1 hodiny
|n 7
|w 000067506
|u 000030
|a 1
|e BOA001
|j MZK50
|s A
|
| 996 |
7 |
|
|b 3119928147
|c PK-0012.632,1
|l MZK
|r Sklad / do 1 hodiny
|n 2
|w 000067506
|u 000040
|a 1
|e BOA001
|j MZK50
|s A
|